| 000 | 003660000a22001570004500 | ||
|---|---|---|---|
| 003 | MACL | ||
| 040 | _aMACL | ||
| 090 |
_c4998 _d4997 |
||
| 100 | _aRaj, Felix | ||
| 245 |
_aContemporary Development Economics _bFrom Adam Smith to Amartya Sen |
||
| 260 | _bNew Central Book Agency | ||
| 350 | _a250 | ||
| 650 | _aEconomices | ||
| 942 |
_cBOOK _k330 |
||
| 951 | _o330 BOOK | ||
| 999 |
_c4960 _d4960 |
||